Getting started with Stata for Unix : (Record no. 16435)
[ view plain ]
| 000 -LEADER | |
|---|---|
| fixed length control field | 00676cam a22002174a 4500 |
| 020 ## - INTERNATIONAL STANDARD BOOK NUMBER | |
| ISBN | 9781597180832 (pbk.) |
| 020 ## - INTERNATIONAL STANDARD BOOK NUMBER | |
| ISBN | 1597180831 (pbk.) |
| 040 ## - CATALOGING SOURCE | |
| Transcribing agency | BNG |
| 245 00 - TITLE STATEMENT | |
| Title | Getting started with Stata for Unix : |
| Remainder of title | release 12. |
| 246 14 - VARYING FORM OF TITLE | |
| Title proper/short title | Stata release 12 : |
| Remainder of title | getting started with Stata for Unix |
| 246 18 - VARYING FORM OF TITLE | |
| Title proper/short title | Stata 12 : |
| Remainder of title | getting started with Stata for Unix |
| 260 ## - PUBLICATION, DISTRIBUTION, ETC. (IMPRINT) | |
| Place of publication | College Station, Tex. : |
| Name of publisher | StataCorp LP, |
| Year of publication | c2011. |
| 300 ## - PHYSICAL DESCRIPTION | |
| Number of Pages | v, 148 p. : |
| Other physical details | ill. ; |
| Dimensions | 24 cm. |
| 500 ## - GENERAL NOTE | |
| General note | "A Stata Press Publication." |
| 500 ## - GENERAL NOTE | |
| General note | Includes index. |
| 650 #0 - SUBJECT ADDED ENTRY--TOPICAL TERM | |
| Topical Term | Social sciences |
| 650 #0 - SUBJECT ADDED ENTRY--TOPICAL TERM | |
| Topical Term | Social sciences |
| 650 #0 - SUBJECT ADDED ENTRY--TOPICAL TERM | |
| Topical Term | Statistics |
| 710 2# - ADDED ENTRY--CORPORATE NAME | |
| Corporate name or jurisdiction name as entry element | StataCorp LP. |
| 942 ## - ADDED ENTRY ELEMENTS (KOHA) | |
| Koha item type | ADB |
No items available.